Top 100 Baby Girl Names in Ireland (2015) - Alphabetical - Statistics

General Stats
  • This quiz has been taken 842 times
  • The average score is 59 of 100
Answer Stats
Answer % Correct
14 A Anna
91%
2 E Emma
88%
14 O Olivia
88%
1 E Emily
85%
89 S Sara
84%
14 S Sarah
84%
5 A Amelia
83%
64 E Emilia
83%
39 E Eva
83%
48 E Eve
83%
26 I Isabelle
83%
30 Z Zoe
83%
3 A Ava
82%
6 E Ella
82%
8 G Grace
81%
80 L Lilly
81%
11 L Lily
81%
86 H Hanna
80%
12 H Hannah
80%
48 L Laura
80%
74 M Mary
80%
40 A Alice
79%
56 A Abigail
78%
60 E Elizabeth
78%
43 R Rachel
77%
75 R Rose
77%
58 C Charlotte
76%
41 S Sofia
76%
21 S Sophia
76%
91 V Victoria
76%
4 S Sophie
74%
36 A Amy
73%
54 M Maria
73%
69 Z Zara
73%
9 C Chloe
72%
46 I Isabella
72%
7 L Lucy
72%
24 E Ellie
71%
19 L Lauren
71%
22 K Katie
70%
38 J Jessica
69%
62 R Rebecca
69%
10 M Mia
68%
83 A Annie
66%
73 I Isla
66%
50 J Julia
65%
17 K Kate
65%
31 M Molly
64%
34 L Leah
62%
27 R Ruby
62%
71 C Clara
61%
91 R Rosie
60%
69 A Abbie
59%
78 A Alexandra
59%
54 E Evie
59%
33 F Freya
59%
94 H Hollie
59%
28 H Holly
59%
45 E Erin
58%
86 A Annabelle
57%
13 A Aoife
57%
56 E Ellen
55%
42 N Niamh
55%
46 L Layla
54%
100 G Georgia
53%
89 M Madison
53%
36 C Cara
52%
91 M Maja
50%
66 M Maya
50%
65 M Megan
49%
76 N Nicole
49%
97 L Lara
47%
62 M Millie
47%
29 C Ciara
45%
68 K Kayla
45%
32 S Sadie
45%
59 A Amber
44%
97 C Caitlin
44%
77 A Alannah
43%
88 M MIla
43%
18 S Saoirse
43%
78 L Lena
41%
71 S Sienna
39%
82 M Maisie
38%
25 R Roisin
37%
99 T Tara
35%
20 C Caoimhe
33%
81 A Aisling
31%
44 F Faye
31%
94 L Lexi
28%
23 R Robyn
27%
61 A Aine
25%
50 C Clodagh
18%
35 F Fiadh
18%
84 A Aoibheann
17%
67 A Aoibhinn
17%
52 E Eabha
14%
94 E Eimear
14%
83 M Meabh
14%
53 S Sadhbh
13%
No matching quizzes found
Score Distribution
Percent of People with Each Score
Percentile by Number Answered
Your Score History
You have not taken this quiz